Petit bac Harry Potter - B - Statistiques

Statistiques générales
  • Ce quiz a été pris 2 065 fois
    1 908 depuis la dernière actualisation
  • Le résultat moyen est 4 sur 8
Statistiques - réponses
Thème Mot % Correct
Personnage Sirius Black / Buck / Lavande Brown / Katie Bell / Bane / Renée Bibine / Cuthbert Binns / Susan Bones / Baron Sanglant / Bogrod / Marcus Belby / Bathsheda Babbling / Millicent Bagnold / Millicent Bulstrode / Barjow / Caractacus Beurk / Croyance Bellebosse / Charity Burbage / Terry Boot
88%
Cours Botanique
76%
Objet Baguette / Baguette de Sureau / Bague des Gaunt / Balai volant / Beuglante / Bombabouse / Boule de Crystal / Boite à Flemme
66%
Lieu Beauxbâtons / Barjow et Beurk / Bureau de Dumbledore / Bureau de Rusard / Bureau de Rogue
45%
Créature Bandimon / Basilic / Billywig / Botruc / Boullu / Boursouf / Boursouflet / Boutefeu chinois / Bicorne
40%
Potion / Ingrédient de potions Bezoard / Bubobulb
32%
Plante Branchiflore / Belladone
25%
Sortilège Bloclang / Bombarda / Bombarda Maxima / Brackium Emendo
23%
Aucun quiz correspondant
Distribution des résultats
% des personnes avec chaque résultat
Percentile par nombre de réponses
Votre historique - résultats
Vous n’avez pas pris ce quiz depuis la dernière actualisation